000 00311nam a22001337a 4500
020 _a978-93-86531-95-7
082 _a894.812.3
_bARI/N
100 _aARIMBOOR,VARGHESE
245 _aNEELIMUTHASSIYUM KILIYAMMAYUM
260 _aTHRISSUR
_bH&C STORES
_c2022
300 _a48
650 _aSTORY
_zKERALA
942 _cBK
999 _c7094
_d7094